Statistiques concernant Culture Générale - Série 1792

Cliquez ici pour prendre le quiz!

Statistiques générales

  • Ce quiz a été pris 156 fois
  • Le résultat moyen est 4 sur 10

Statistiques - réponses

Question Réponse% Correct
Quel carburant porte le nom d'un ingénieur franco-allemand ? diesel
86%
Quel est l'insecte dont la morsure peut provoquer la maladie de Lyme ? tique
85%
Quel est le nom usuel de l'oxyde de fer ? rouille
69%
Quel est le prénom de l'actuelle reine de Jordanie ?Rania
40%
Quel est l'autre nom de l'orque ? épaulard
30%
Quel nom de religieux a-t-on donné à un chauffe-lit ?moine
28%
Quel est le point opposé au zénith dans le mouvement des corps célestes ? nadir
19%
Le nestor kéa ou plus simplement kéa est une espèce de perroquet montagnard endémique de quel pays ?Nouvelle Zélande
19%
Quel genre de créature un myrmécologue étudie-t-il ? fourmis
16%
Dans le corps humain sous quel nom plus courant désigne-t-on la patella ? rotule
10%

Distribution des résultats

Percentile par nombre de réponses

% des personnes avec chaque résultat

Votre développement - résultats

Vous n’avez pas pris ce quiz